[Event "Turkey IS Bank Super League 2017"]
[Site "Darica-Kocaeli"]
[Date "2017.07.29"]
[Round "4"]
[White "Tanriverdi, Enes"]
[Black "Maghsoodloo, Parham"]
[Result "0-1"]
[WhiteElo "2203"]
[BlackElo "2584"]
[Annotator "TA"]
[PlyCount "88"]
[EventType "team-tourn"]
[EventCountry "TUR"]
[SourceTitle "playchess.com"]
[Source "ChessBase"]
[SourceQuality "1"]

{[%evp 24,88,25,11,17,28,21,-15,0,-9,-12,-60,0,-20,-14,-15,0,0,0,0,0,0,0,0,20,12,12,16,25,12,28,22,38,0,22,18,15,1,14,16,17,-13,-16,-19,-17,-28,-16,-71,-24,-84,-70,-92,-61,-312,-295,-484,-441,-379,-412,-420,-390,-385,-380,-494,-481,-510,-515]} 1. d4 Nf6 2. c4 e6 3. Nf3 b6 4. g3 Ba6 5. b3 Bb4+ 6. Bd2 Be7 7. Nc3 d5 8. Bg2 O-O 9. cxd5 exd5 10. O-O Bb7 11. Ne5 Nbd7 12. Bc1 {E15: Queen's Indian: 4 g3 sidelines, 4 g3 Ba6 and 4 g3 Bb7 early deviations} Re8 13. Bb2 {LiveBook: 17 Games} Nf8 (13... Bd6 14. f4 c5 15. e3 cxd4 16. exd4 Bb4 17. Rc1 Bxc3 18. Rxc3 Ne4 {1-0 (33) Gelfand,B (2734)-Inarkiev,E (2730) Magas 2016}) 14. e3 $146 {The position is equal.} ({Predecessor:} 14. Rc1 Ne6 15. e3 c6 16. f4 c5 {0-1 (32) Nihal,S (2386)-Sivuk,V (2520) Moscow 2017}) 14... Ne6 15. f4 c5 16. Kh1 Rc8 17. Qd3 Qd6 (17... cxd4 $15 18. exd4 Bb4) 18. g4 cxd4 19. exd4 Qb4 (19... Ne4 $5 20. g5 Qb4 $11) 20. Rad1 Ne4 21. Nxe4 dxe4 22. Qb1 Bd5 23. Bxe4 Qb5 24. Kg1 Bxe4 25. Qxe4 f6 26. Nc4 Nc7 27. Qf3 {With the idea d5.} Nd5 28. a3 (28. g5 $5) 28... a5 29. a4 Qd7 30. Bc1 b5 31. axb5 Qxb5 32. Ba3 Bxa3 33. Nxa3 Qd7 $36 {[%mdl 2048] [#] White must now prevent ...Re3. Black has good play.} 34. Nc4 a4 {Threatening ...axb3.} 35. h3 (35. f5 $11) 35... Kh8 $17 36. Rf2 (36. f5 $11 {remains equal.}) 36... Red8 37. Re1 Qb5 38. Rfe2 $2 {[%mdl 8192] [#]} (38. Nd2 $15) 38... axb3 $19 39. Na3 $2 (39. Nb2) 39... Qa4 40. Nb1 Qxd4+ 41. Kh1 b2 42. Rd2 Qxf4 43. Qxf4 Nxf4 44. Rxb2 Nd3 {Precision: White = 39%, Black = 61%.} 0-1

[Event "Turkey IS Bank Super League 2017"]
[Site "Darica-Kocaeli"]
[Date "2017.07.29"]
[Round "4"]
[White "Tofan, Ibrahim"]
[Black "Erdogdu, Mert"]
[Result "0-1"]
[WhiteElo "2194"]
[BlackElo "2445"]
[Annotator "TA"]
[PlyCount "126"]
[EventType "team-tourn"]
[EventCountry "TUR"]
[SourceTitle "playchess.com"]
[Source "ChessBase"]
[SourceQuality "1"]

{[%evp 10,126,66,64,54,46,39,42,46,2,18,12,30,15,23,0,8,11,9,0,5,14,16,0,0,0,0,-3,33,22,25,-11,-21,-30,-40,-68,-69,-55,-41,-96,-31,-40,-34,-30,-35,-72,-73,-110,-126,-125,-116,-116,-116,-116,-123,-133,-144,-254,-226,-244,-227,-367,-358,-360,-349,-336,-340,-495,-494,-568,-360,-306,-195,-232,-229,-303,-222,-342,-313,-343,-322,-340,-326,-396,-391,-387,-377,-744,-744,-1293,-825,-939,-924,-902,-902,-892,-701,-1059,-1013,-924,-816,-795,-742,-1006,-998,-1260,-755,-981,-952,-1566,-1442,-6133,-5724,-1633,-1480,-12847,-12847,-12847,-12848]} 1. e4 d5 2. exd5 Qxd5 3. Nc3 Qd6 4. d4 Nf6 5. Nf3 c6 6. Ne5 Nbd7 {B01: Scandinavian Defence} 7. Nc4 Qc7 8. Qf3 (8. a4 Nd5 9. Bd3 g6 10. Qf3 N7f6 11. Nxd5 Nxd5 12. O-O Bg7 13. c3 O-O 14. Qg3 Qxg3 15. hxg3 {½-½ (28) Caruana,F (2808)-Carlsen,M (2857) Baku 2016}) 8... Nb6 {White is slightly better.} 9. h3 Be6 10. Ne5 (10. Bf4 $5 {[%cal Rf4c7]} Qd8 11. Nxb6 Qxb6 12. O-O-O $11) 10... Qd8 $146 ({Predecessor:} 10... Nbd5 11. Bc4 g6 12. O-O Bg7 13. Bg5 O-O 14. Bb3 {0-1 (57) Aranovitch,E (2334)-Borgo,G (2431) Switzerland 2009}) 11. Be3 g6 12. Nd3 Bg7 13. Nc5 Bc8 14. O-O-O O-O 15. g4 a5 16. g5 Nfd5 17. Nxd5 Qxd5 18. Qxd5 cxd5 (18... Nxd5 {is more complex.} 19. Bg2 b6 20. Nd3 Bf5 21. c3 Rad8) 19. Bg2 Ra7 20. Bf4 {Black must now prevent Bb8.} Bf5 21. Rhe1 e6 $1 22. h4 Rc8 23. c3 Bf8 24. h5 (24. Bf1 $15) 24... Bxc5 ({Better is} 24... gxh5 $17 25. Bf3 Bxc5 26. dxc5 Nd7) 25. dxc5 $15 Nd7 26. Be3 {And now c6! would win.} Raa8 27. h6 Nxc5 {...Nd3+ is the strong threat.} 28. Bxc5 Rxc5 29. Rd4 Rac8 30. a3 {[#]} f6 $1 $36 {[%mdl 2560] Black is really pushing.} 31. f4 (31. gxf6 Kf7) 31... Kf7 32. Bf1 Ke7 33. Bg2 {[#]} (33. Kd2 $17) 33... fxg5 $1 $19 34. fxg5 Kd6 35. Red1 {[#]} (35. Kd1 {keeps fighting.}) 35... Rxc3+ $1 {[%mdl 512]} 36. bxc3 Rxc3+ 37. Kb2 Rc2+ 38. Ka1 (38. Kb3 $142 Rxg2 39. R4d2 Rxg5 40. Ka4) 38... Rxg2 {[%mdl 4096] Endgame KRR-KRB} 39. R4d2 Rxg5 40. Rb2 Kc7 41. Rc1+ Kb8 42. Rb5 d4 {[%cal Bd5d4,Bd4d3][%mdl 32]} 43. Rd1 (43. Rxa5 $142 Rg3 44. Rd1) 43... Rg4 44. Rxa5 d3 45. Rb5 Rg2 46. a4 Rc2 47. Rb2 Rc4 48. Ra2 $2 (48. Ka2 e5 49. Rb5) 48... e5 {Black is clearly winning.} 49. a5 Ka7 50. a6 bxa6 51. Ra5 e4 52. Re5 Rc7 53. Rd2 Kb7 54. Kb2 Kc8 55. Rd1 Rc2+ 56. Kb3 Kd7 57. Ra1 Rc6 58. Kb2 Kd6 59. Raa5 Rc2+ 60. Kb1 {[#]} e3 $1 {[%cal Be4e3,Be3e2][%mdl 32]} 61. Rad5+ (61. Rxe3 d2) 61... Kc6 {( -> ...d2)} 62. Rxf5 gxf5 63. Rxd3 e2 {Precision: White = 28%, Black = 78%.} 0-1

[Event "Turkey IS Bank Super League 2017"]
[Site "Darica-Kocaeli"]
[Date "2017.07.29"]
[Round "4"]
[White "Bolat, Ahmet"]
[Black "Ozates, Tuna"]
[Result "0-1"]
[WhiteElo "2178"]
[BlackElo "2291"]
[Annotator "NA"]
[PlyCount "92"]
[EventType "team-tourn"]
[EventCountry "TUR"]
[SourceTitle "playchess.com"]
[Source "ChessBase"]
[SourceQuality "1"]
[TimeControl "40/5400+30:1800+30"]

1. d4 {[%emt 0:01:30]} d5 {[%emt 0:01:00]} 2. Nc3 {[%emt 0:00:30]} Nf6 {[%emt 0:00:30]} 3. Bg5 {[%emt 0:00:00]} c5 {[%emt 0:00:30]} 4. Bxf6 {[%emt 0:00:00]} gxf6 {[%emt 0:00:00]} 5. e3 {[%emt 0:00:00]} Nc6 {[%emt 0:00:00]} 6. Qh5 {[%emt 0:00:00]} e6 {[%emt 0:00:30]} 7. Nf3 {[%emt 0:00:00]} Bd7 {[%emt 0:02:30] LiveBook: 6 Games} 8. O-O-O {[%emt 0:04:00]} f5 {[%emt 0:11:30]} 9. dxc5 {[%emt 0:08:30]} ({Much weaker is} 9. Ng5 Qf6 $15) 9... Bxc5 {[%emt 0:05:30]} 10. Qh6 {[%emt 0:01:30]} (10. g4 $14 fxg4 11. Qxg4) 10... Qe7 {[%emt 0:01:30]} 11. Nb5 {[%emt 0:06:30]} O-O-O $15 {[%emt 0:01:30]} 12. Qf4 {[%emt 0:02:30]} e5 {[%emt 0:05:30]} 13. Qh6 {[%emt 0:07:30]} Be6 {[%emt 0:02:30]} 14. Ng5 {[%emt 0:05:30]} a6 {[%emt 0:04:30]} 15. Nc3 {[%emt 0:05:30]} Kb8 {[%emt 0:13:30]} 16. Nxe6 {[%emt 0:16:30]} fxe6 {[%emt 0:00:30]} 17. Ne2 {[%emt 0:16:30]} Rc8 {[%emt 0:03:30]} 18. Kb1 {[%emt 0:00:30]} Na5 {[%emt 0:03:30]} 19. Nc1 {[%emt 0:00:30]} Rc6 {[%emt 0:02:30]} 20. Nb3 {[%emt 0:01:30]} Bb6 {[%emt 0:02:30]} 21. c3 {[%emt 0:08:43]} Rhc8 {[%emt 0:02:30]} 22. g4 {[%emt 0:00:37]} Nc4 {[%emt 0:09:30]} 23. gxf5 {[%emt 0:00:59]} exf5 {[%emt 0:09:41]} 24. Qh5 {[%emt 0:00:01]} Qd7 {[%emt 0:05:31]} 25. Bh3 {[%emt 0:05:00]} Rf8 {[%emt 0:00:46]} 26. e4 {[%emt 0:00:11]} d4 {[%emt 0:00:19]} 27. Bxf5 {[%emt 0:01:27]} Qe7 {[%emt 0:00:48]} 28. cxd4 {[%emt 0:00:12]} exd4 {[%emt 0:00:00]} 29. Qxh7 {[%emt 0:04:40]} Qxh7 {[%emt 0:01:16]} 30. Bxh7 {[%emt 0:00:30]} Rxf2 {[%emt 0:00:00]} 31. Nxd4 {[%emt 0:02:10]} Rxb2+ {[%emt 0:00:24]} 32. Ka1 {[%emt 0:00:07]} Rh6 {[%emt 0:02:48]} 33. Bg8 {[%emt 0:00:06]} Rb4 {[%emt 0:01:14]} 34. Nf5 {[%emt 0:01:37]} Bc7 {[%emt 0:00:46]} 35. Rd5 {[%emt 0:01:16]} Rhb6 {[%emt 0:00:18]} 36. Nd4 {[%emt 0:00:44]} Ne3 {[%emt 0:00:30]} 37. Nb3 {[%emt 0:00:03]} Nxd5 {[%emt 0:00:24]} 38. Bxd5 {[%emt 0:00:30]} Be5+ {[%emt 0:00:30]} 39. Kb1 {[%emt 0:00:00]} a5 {[%emt 0:00:00]} 40. Kc2 {[%emt 0:00:00]} Rh6 {[%emt 0:02:45]} 41. h4 {[%emt 0:12:37]} Rg6 {[%emt 0:02:30]} 42. a3 {[%emt 0:11:26]} Rg2+ {[%emt 0:01:30]} 43. Kd1 {[%emt 0:00:30]} Rb5 {[%emt 0:00:30]} 44. a4 {[%emt 0:02:26]} Rb4 {[%emt 0:01:30]} 45. Rf1 {[%emt 0:03:56]} Rxa4 {[%emt 0:03:30]} 46. Rf5 {[%emt 0:00:12]} Raa2 {[%emt 0:00:30]} 0-1

[Event "Turkey IS Bank Super League 2017"]
[Site "Darica-Kocaeli"]
[Date "2017.07.29"]
[Round "4"]
[White "Dolgun, Can"]
[Black "Tuna, Alp"]
[Result "1-0"]
[WhiteElo "2104"]
[BlackElo "2280"]
[Annotator "NA"]
[PlyCount "41"]
[EventType "team-tourn"]
[EventCountry "TUR"]
[SourceTitle "playchess.com"]
[Source "ChessBase"]
[SourceQuality "1"]
[TimeControl "40/5400+30:1800+30"]

1. e4 {[%emt 0:00:30]} c6 {[%emt 0:01:00]} 2. d4 {[%emt 0:00:30]} d5 {[%emt 0:00:30]} 3. Nc3 {[%emt 0:00:30]} dxe4 {[%emt 0:00:30]} 4. Nxe4 {[%emt 0:00:00]} Bf5 {[%emt 0:01:30]} 5. Ng3 {[%emt 0:00:00]} Bg6 {[%emt 0:00:30]} 6. h4 {[%emt 0:00:30]} h6 {[%emt 0:00:00]} 7. N1e2 {[%emt 0:00:00]} e6 {[%emt 0:00:00]} 8. Nf4 {[%emt 0:01:00]} Bh7 {[%emt 0:00:30] LiveBook: 166 Games} 9. Bc4 {[%emt 0:00:00]} Nf6 {[%emt 0:03:30]} 10. Qe2 {[%emt 0:00:00]} Bd6 {[%emt 0:08:30]} 11. Ngh5 {[%emt 0:00:30]} O-O $11 {[%emt 0:08:30]} 12. g4 {[%emt 0:00:30]} Nxh5 {[%emt 0:39:30]} 13. Nxh5 {[%emt 0:00:00]} e5 {[%emt 0:05:30]} 14. Bxh6 {[%emt 0:01:00]} gxh6 {[%emt 0:19:26]} 15. Qd2 {[%emt 0:00:00]} Bb4 {[%emt 0:01:16]} 16. Qxb4 {[%emt 0:00:00]} Qxd4 {[%emt 0:01:20]} 17. Nf6+ {[%emt 0:00:30]} Kg7 {[%emt 0:00:06]} 18. c3 {[%emt 0:05:30]} Na6 {[%emt 0:02:01]} 19. Qxf8+ {[%emt 0:00:30]} Rxf8 {[%emt 0:00:47]} 20. Nh5+ {[%emt 0:00:30]} Kg8 {[%emt 0:00:30]} 21. cxd4 {[%emt 0:00:00]} 1-0

[Event "Turkey IS Bank Super League 2017"]
[Site "Darica-Kocaeli"]
[Date "2017.07.29"]
[Round "4"]
[White "Ozenir, Ekin Baris"]
[Black "Unat, Can Haktan"]
[Result "1-0"]
[WhiteElo "2098"]
[BlackElo "2006"]
[Annotator "NA"]
[PlyCount "69"]
[EventType "team-tourn"]
[EventCountry "TUR"]
[SourceTitle "playchess.com"]
[Source "ChessBase"]
[SourceQuality "1"]
[TimeControl "40/5400+30:1800+30"]

1. d4 {[%emt 0:00:30]} Nf6 {[%emt 0:01:00]} 2. Bg5 {[%emt 0:00:30]} e6 {[%emt 0:02:30]} 3. e4 {[%emt 0:00:30]} h6 {[%emt 0:02:30]} 4. Bxf6 {[%emt 0:00:30]} Qxf6 {[%emt 0:00:30]} 5. Qd2 {[%emt 0:00:30]} d6 {[%emt 0:12:30]} 6. Nc3 {[%emt 0:00:30]} Nd7 {[%emt 0:01:30]} 7. O-O-O {[%emt 0:03:30]} Qd8 {[%emt 0:08:30]} 8. f4 {[%emt 0:02:30]} Be7 {[%emt 0:00:30]} 9. Nf3 {[%emt 0:02:30]} O-O $16 {[%emt 0:00:30]} (9... a6 $11) 10. Bd3 {[%emt 0:03:30]} a6 {[%emt 0:01:30]} 11. e5 {[%emt 0:14:30]} dxe5 {[%emt 0:14:30]} 12. dxe5 {[%emt 0:06:30]} Bb4 {[%emt 0:06:30]} 13. a3 {[%emt 0:05:30]} Ba5 {[%emt 0:00:30]} 14. f5 {[%emt 0:05:30]} Nc5 {[%emt 0:16:30]} 15. b4 {[%emt 0:04:30]} Qxd3 {[%emt 0:00:30]} 16. Qxd3 {[%emt 0:00:30]} Nxd3+ {[%emt 0:00:30]} 17. Rxd3 {[%emt 0:00:30]} Bb6 {[%emt 0:00:00]} 18. f6 {[%emt 0:00:30]} a5 {[%emt 0:09:20]} 19. b5 {[%emt 0:00:30]} a4 {[%emt 0:01:47]} 20. Nd2 {[%emt 0:07:30]} Bc5 {[%emt 0:01:08]} 21. Nce4 {[%emt 0:01:30]} Ba7 {[%emt 0:04:34]} 22. fxg7 {[%emt 0:04:30]} Kxg7 {[%emt 0:00:46]} 23. Rf1 {[%emt 0:00:30]} c6 {[%emt 0:05:56]} 24. Rg3+ {[%emt 0:00:30]} Kh8 {[%emt 0:01:11]} 25. Rf6 {[%emt 0:01:30]} Kh7 {[%emt 0:00:30]} 26. Rf4 {[%emt 0:00:00]} f5 {[%emt 0:01:41]} 27. Nf6+ {[%emt 0:00:00]} Rxf6 {[%emt 0:01:38]} 28. exf6 {[%emt 0:00:30]} h5 {[%emt 0:00:00]} 29. f7 {[%emt 0:00:30]} Bc5 {[%emt 0:02:02]} 30. Rg8 {[%emt 0:02:30]} Bxa3+ {[%emt 0:01:57]} 31. Kb1 {[%emt 0:00:00]} cxb5 {[%emt 0:00:16]} 32. Rh4 {[%emt 0:01:00]} Kh6 {[%emt 0:00:10]} 33. g4 {[%emt 0:00:30]} fxg4 {[%emt 0:00:09]} 34. Ne4 {[%emt 0:00:30]} Bd7 {[%emt 0:01:34]} 35. Nf6 {[%emt 0:00:30]} 1-0

[Event "Turkey IS Bank Super League 2017"]
[Site "Darica-Kocaeli"]
[Date "2017.07.29"]
[Round "4"]
[White "Arda, Cagil Irmak"]
[Black "Kargaci, Humeyra"]
[Result "1/2-1/2"]
[WhiteElo "2080"]
[BlackElo "1737"]
[Annotator "NA"]
[PlyCount "114"]
[EventType "team-tourn"]
[EventCountry "TUR"]
[SourceTitle "playchess.com"]
[Source "ChessBase"]
[SourceQuality "1"]
[TimeControl "40/5400+30:1800+30"]

1. d4 {[%emt 0:01:30]} Nf6 {[%emt 0:01:00]} 2. c4 {[%emt 0:00:00]} g6 {[%emt 0:00:30]} 3. Nc3 {[%emt 0:00:00]} d5 {[%emt 0:00:30]} 4. cxd5 {[%emt 0:00:30]} Nxd5 {[%emt 0:00:30]} 5. e4 {[%emt 0:00:00]} Nxc3 {[%emt 0:00:00]} 6. bxc3 {[%emt 0:00:00]} Bg7 {[%emt 0:00:00]} 7. Bc4 {[%emt 0:00:00]} c5 {[%emt 0:00:00]} 8. Ne2 {[%emt 0:00:00]} Nc6 {[%emt 0:00:00]} 9. Be3 {[%emt 0:00:00]} O-O {[%emt 0:00:00]} 10. h4 {[%emt 0:00:00]} h5 {[%emt 0:08:00]} 11. Rc1 {[%emt 0:01:30]} Na5 {[%emt 0:06:30]} 12. Bd3 {[%emt 0:01:30]} c4 {[%emt 0:01:30]} 13. Bb1 {[%emt 0:01:30]} Qc7 {[%emt 0:00:30]} 14. e5 {[%emt 0:14:30]} Rd8 {[%emt 0:05:30]} 15. Nf4 {[%emt 0:23:30]} Bg4 {[%emt 0:19:30]} 16. Qa4 {[%emt 0:03:30]} e6 {[%emt 0:15:30]} 17. f3 {[%emt 0:05:30]} Bf5 {[%emt 0:00:30]} 18. Bxf5 {[%emt 0:01:30]} exf5 {[%emt 0:00:00]} 19. Kf2 {[%emt 0:00:00]} Rab8 {[%emt 0:03:00]} 20. Rb1 {[%emt 0:06:00]} a6 {[%emt 0:04:30]} 21. e6 {[%emt 0:04:30]} b5 {[%emt 0:03:30]} 22. exf7+ {[%emt 0:03:30]} Kxf7 {[%emt 0:00:00]} 23. Qc2 {[%emt 0:00:30]} Qd6 {[%emt 0:01:00]} 24. Nh3 {[%emt 0:00:30]} Qc6 {[%emt 0:03:30]} 25. Bf4 {[%emt 0:01:30]} Rbc8 {[%emt 0:03:30]} 26. Ng5+ {[%emt 0:00:30]} Kg8 {[%emt 0:00:30]} 27. Rhe1 {[%emt 0:00:30]} Re8 {[%emt 0:00:30]} 28. Qd2 {[%emt 0:00:30]} Qd5 {[%emt 0:00:30]} 29. Rxe8+ {[%emt 0:03:30]} Rxe8 {[%emt 0:00:30]} 30. Re1 {[%emt 0:00:30]} Rxe1 {[%emt 0:05:21]} 31. Qxe1 {[%emt 0:00:30]} Qd7 {[%emt 0:00:00]} 32. Qe6+ {[%emt 0:07:30]} Qxe6 {[%emt 0:00:09]} 33. Nxe6 {[%emt 0:00:30]} Bf6 {[%emt 0:03:23]} 34. Bg5 {[%emt 0:03:14]} Bxg5 {[%emt 0:01:09]} 35. hxg5 {[%emt 0:00:46]} Nc6 {[%emt 0:01:59]} 36. d5 {[%emt 0:03:45]} Kf7 {[%emt 0:01:42]} 37. Nc5 {[%emt 0:01:26]} Ne5 {[%emt 0:06:20]} 38. Ke3 {[%emt 0:03:58]} Ke7 {[%emt 0:01:20]} 39. Kd4 {[%emt 0:07:54]} Nd7 {[%emt 0:01:36]} 40. Nxd7 {[%emt 0:02:04]} Kxd7 {[%emt 0:30:30]} 41. Kc5 {[%emt 0:00:00]} f4 {[%emt 0:00:00]} 42. a3 {[%emt 0:01:23]} Kc7 {[%emt 0:00:00]} 43. Kd4 {[%emt 0:02:30]} Kd6 {[%emt 0:00:00]} 44. Ke4 {[%emt 0:00:00]} a5 {[%emt 0:00:00]} 45. Kd4 {[%emt 0:00:00]} h4 {[%emt 0:00:00]} 46. Ke4 {[%emt 0:00:30]} Kc5 {[%emt 0:00:00]} 47. Ke5 {[%emt 0:01:30]} b4 {[%emt 0:00:00]} 48. axb4+ {[%emt 0:00:30]} axb4 {[%emt 0:00:00]} 49. cxb4+ {[%emt 0:00:30]} Kxb4 {[%emt 0:00:00]} 50. d6 {[%emt 0:00:30]} c3 {[%emt 0:00:00]} 51. d7 {[%emt 0:00:30]} c2 {[%emt 0:00:00]} 52. d8=Q {[%emt 0:00:00]} c1=Q {[%emt 0:00:00]} 53. Qd4+ {[%emt 0:02:00]} Kb5 {[%emt 0:00:00]} 54. Qxf4 {[%emt 0:01:30]} Qc7+ {[%emt 0:00:00]} 55. Ke4 {[%emt 0:00:30]} Qc4+ {[%emt 0:00:00]} 56. Ke3 {[%emt 0:01:30]} Qc1+ {[%emt 0:00:00]} 57. Ke4 {[%emt 0:00:30]} Qc4+ {[%emt 0:00:00]} 1/2-1/2

[Event "Turkey IS Bank Super League 2017"]
[Site "Darica-Kocaeli"]
[Date "2017.07.29"]
[Round "4"]
[White "Tarlabasi, Emirhan"]
[Black "Akdogan, Alperen"]
[Result "1/2-1/2"]
[WhiteElo "2046"]
[BlackElo "2151"]
[Annotator "NA"]
[PlyCount "96"]
[EventType "team-tourn"]
[EventCountry "TUR"]
[SourceTitle "playchess.com"]
[Source "ChessBase"]
[SourceQuality "1"]
[TimeControl "40/5400+30:1800+30"]

1. d4 {[%emt 0:00:30]} Nf6 {[%emt 0:02:00]} 2. c4 {[%emt 0:00:30]} e6 {[%emt 0:00:00]} 3. Nf3 {[%emt 0:00:30]} b6 {[%emt 0:00:00]} 4. a3 {[%emt 0:00:30]} c5 {[%emt 0:01:30]} 5. e3 {[%emt 0:09:30]} g6 {[%emt 0:09:30]} 6. Nc3 {[%emt 0:08:30]} Bb7 {[%emt 0:02:30]} 7. Be2 {[%emt 0:01:30]} Bg7 {[%emt 0:07:30]} 8. O-O {[%emt 0:04:30]} O-O $11 {[%emt 0:02:30]} 9. b3 {[%emt 0:10:30]} d5 {[%emt 0:02:30]} 10. Bb2 {[%emt 0:00:30]} Nc6 {[%emt 0:06:30]} 11. cxd5 {[%emt 0:10:30]} Nxd5 {[%emt 0:03:30]} 12. Nxd5 {[%emt 0:14:30]} Qxd5 {[%emt 0:00:30]} 13. Bc4 {[%emt 0:02:30]} Qd7 {[%emt 0:02:30]} 14. Qe2 {[%emt 0:19:17]} cxd4 {[%emt 0:06:30]} 15. exd4 {[%emt 0:02:03]} Nxd4 {[%emt 0:03:30]} 16. Bxd4 {[%emt 0:01:47]} Bxf3 {[%emt 0:03:30]} 17. Qxf3 {[%emt 0:00:06]} Bxd4 {[%emt 0:01:30]} 18. Rad1 {[%emt 0:02:16]} Rfd8 {[%emt 0:08:30]} 19. a4 {[%emt 0:03:40]} Rac8 {[%emt 0:01:30]} 20. Rc1 {[%emt 0:01:05]} Rc5 {[%emt 0:04:30]} 21. Bb5 {[%emt 0:03:10]} Qc7 {[%emt 0:02:30]} 22. Rxc5 {[%emt 0:01:14]} Qxc5 {[%emt 0:00:00]} 23. Bc4 {[%emt 0:00:31]} Rd7 {[%emt 0:06:00]} 24. g3 {[%emt 0:00:41]} Kg7 {[%emt 0:00:30]} 25. Kg2 {[%emt 0:00:42]} e5 {[%emt 0:03:30]} 26. Rd1 {[%emt 0:01:09]} Qe7 {[%emt 0:00:37]} 27. Qe4 {[%emt 0:00:41]} f5 {[%emt 0:07:06]} 28. Qc6 {[%emt 0:00:31]} Rd6 {[%emt 0:01:56]} 29. Qa8 {[%emt 0:00:43]} Rd8 {[%emt 0:00:15]} 30. Qc6 {[%emt 0:00:00]} Qd7 {[%emt 0:10:45]} 31. Qxd7+ {[%emt 0:00:27]} Rxd7 {[%emt 0:00:30]} 32. Kf1 {[%emt 0:00:19]} Kf6 {[%emt 0:00:08]} 33. Ke2 {[%emt 0:00:04]} g5 {[%emt 0:00:17]} 34. f3 {[%emt 0:00:35]} h5 {[%emt 0:00:19]} 35. Rc1 {[%emt 0:01:06]} g4 {[%emt 0:01:46]} 36. Bb5 {[%emt 0:00:31]} gxf3+ {[%emt 0:01:12]} 37. Kxf3 {[%emt 0:00:09]} e4+ {[%emt 0:00:35]} 38. Ke2 {[%emt 0:00:13]} Rh7 {[%emt 0:00:33]} 39. Rc6+ {[%emt 0:01:07]} Ke5 {[%emt 0:00:26]} 40. Bc4 {[%emt 0:01:09]} Bc5 {[%emt 0:01:05]} 41. Re6+ {[%emt 0:02:44]} Kd4 {[%emt 0:00:00]} 42. Rf6 {[%emt 0:01:30]} h4 {[%emt 0:10:00]} 43. Rxf5 {[%emt 0:03:30]} hxg3 {[%emt 0:00:30]} 44. hxg3 {[%emt 0:08:29]} Rg7 {[%emt 0:01:30]} 45. Rd5+ {[%emt 0:00:47]} Kc3 {[%emt 0:00:00]} 46. Re5 {[%emt 0:01:45]} Kd4 {[%emt 0:04:50]} 47. Rd5+ {[%emt 0:00:06]} Kc3 {[%emt 0:00:30]} 48. Re5 {[%emt 0:00:06]} Rxg3 {[%emt 0:06:15]} 1/2-1/2

[Event "Turkey IS Bank Super League 2017"]
[Site "Darica-Kocaeli"]
[Date "2017.07.29"]
[Round "4"]
[White "Celik, Eda"]
[Black "Ayan, Bengu Sena"]
[Result "1/2-1/2"]
[WhiteElo "1939"]
[BlackElo "1862"]
[Annotator "NA"]
[PlyCount "83"]
[EventType "team-tourn"]
[EventCountry "TUR"]
[SourceTitle "playchess.com"]
[Source "ChessBase"]
[SourceQuality "1"]
[TimeControl "40/5400+30:1800+30"]

1. e4 {[%emt 0:00:30]} e6 {[%emt 0:01:00]} 2. d4 {[%emt 0:00:30]} d5 {[%emt 0:00:30]} 3. Nd2 {[%emt 0:00:30]} Nc6 {[%emt 0:00:30]} 4. Ngf3 {[%emt 0:00:00]} Nf6 {[%emt 0:00:00]} 5. e5 {[%emt 0:04:00]} Nd7 {[%emt 0:00:00]} 6. Nb3 {[%emt 0:01:30]} f6 {[%emt 0:06:30]} 7. Bb5 {[%emt 0:00:30]} Be7 {[%emt 0:07:30]} 8. O-O {[%emt 0:11:30]} O-O {[%emt 0:08:30]} 9. Bxc6 {[%emt 0:05:30]} bxc6 {[%emt 0:00:30]} 10. exf6 {[%emt 0:00:30]} Bxf6 {[%emt 0:09:30]} 11. Qe2 {[%emt 0:13:30]} Qe7 {[%emt 0:04:30]} 12. Re1 {[%emt 0:01:30]} Re8 {[%emt 0:07:30]} 13. Bf4 {[%emt 0:03:30]} c5 {[%emt 0:09:30]} 14. Bxc7 {[%emt 0:16:30]} cxd4 {[%emt 0:00:30]} 15. Nfxd4 {[%emt 0:02:30]} Nb6 {[%emt 0:04:30]} 16. Bg3 {[%emt 0:04:30]} Bd7 {[%emt 0:05:30]} 17. f4 {[%emt 0:02:30]} a5 {[%emt 0:03:30]} 18. c3 {[%emt 0:02:30]} Nc4 {[%emt 0:02:30]} 19. Nf3 {[%emt 0:10:45]} Rab8 {[%emt 0:07:30]} 20. Rab1 {[%emt 0:00:36]} Rbc8 {[%emt 0:02:31]} 21. Nbd4 {[%emt 0:00:57]} Nd6 {[%emt 0:01:21]} 22. Ne5 {[%emt 0:02:59]} Ne4 {[%emt 0:01:49]} 23. Ng4 {[%emt 0:09:10]} Bxd4+ {[%emt 0:04:00]} 24. cxd4 {[%emt 0:00:30]} Qb4 {[%emt 0:00:00]} 25. Red1 {[%emt 0:02:12]} Ba4 {[%emt 0:02:42]} 26. Rdc1 {[%emt 0:02:37]} Qxd4+ {[%emt 0:01:16]} 27. Bf2 {[%emt 0:00:56]} Nxf2 {[%emt 0:01:13]} 28. Qxf2 {[%emt 0:00:10]} Qxf2+ {[%emt 0:00:48]} 29. Kxf2 {[%emt 0:00:02]} Bc2 {[%emt 0:00:29]} 30. Ra1 {[%emt 0:00:17]} d4 {[%emt 0:00:13]} 31. Ke1 {[%emt 0:01:36]} Bf5 {[%emt 0:03:29]} 32. Ne5 {[%emt 0:00:28]} d3 {[%emt 0:01:24]} 33. Kd2 {[%emt 0:00:39]} Rc2+ {[%emt 0:01:47]} 34. Rxc2 {[%emt 0:00:33]} dxc2 {[%emt 0:00:05]} 35. Rc1 {[%emt 0:00:25]} Rd8+ {[%emt 0:03:05]} 36. Ke1 {[%emt 0:00:08]} Rb8 {[%emt 0:00:14]} 37. b3 {[%emt 0:00:25]} a4 {[%emt 0:01:03]} 38. Nc6 {[%emt 0:00:51]} Rb6 {[%emt 0:01:18]} 39. Ne7+ {[%emt 0:00:43]} Kf7 {[%emt 0:00:30]} 40. Nxf5 {[%emt 0:00:30]} exf5 {[%emt 0:00:13]} 41. bxa4 {[%emt 0:06:01]} Rb2 {[%emt 0:00:30]} 42. Kd2 {[%emt 0:02:30]} 1/2-1/2